000
00323 a2200133 4500
005
20250625090653.0
020
_a
0-7747-3278-4
082
_a
808.042 GRE
100
_a
GREEN, B.
245
_a
Paragraph Essentials.
260
_a
New York
_b
Harcourt Brace Canada
_c
1995.
300
_a
xv, 400.:
_b
Index
_c
23cm
942
_2
ddc
_c
BKS
999
_c
4965
_d
4965